| 000 | 00920nam a22002177a 4500 | ||
|---|---|---|---|
| 003 | OSt | ||
| 005 | 20260127160300.0 | ||
| 008 | 230628b ||||| |||| 00| 0 eng d | ||
| 040 | _cSSBUL | ||
| 041 | _ashan | ||
| 082 |
_223 _a294.3443 |
||
| 100 | 0 |
_aဝုၼ်းၸုမ်ႉ၊ _cၸဝ်ႈၶူးဝႃးပေႃႈသိၼ်ထမ်း။ _926949 |
|
| 245 | 1 | 0 |
_aပပ်ႉထမ်ႇမတြႃး သတ်ႉၸႃႇသၽႃႇဝ / _cပိၼ်ႇပဵၼ်လိၵ်ႈသဵင်တႅတ်ႈ - ၸဝ်ႈသြႃႇသုဝရ(မၢဝ်းၶမ်း)။ |
| 260 |
_aဝဵင်းလိူဝ်ႇ၊ _bဢွင်ႇသပေႇ၊ _c2018 ။ |
||
| 300 |
_a170 ၼႃႈ၊ _c25 ၸိၼ်ႇတီႇ။ |
||
| 500 | _aS-SAT: Dr. Prof Sai Aung Tun | ||
| 650 | _aတြႃးၽြႃးပဵၼ်ၸဝ်ႈ | ||
| 942 | _cBK | ||
| 942 | _2ddc | ||
| 942 | _2ddc | ||
| 999 |
_c26472 _d26472 |
||